[Event "Echiquier Aubois / Chaumont"]
[Site "?"]
[Date "2008.12.14"]
[Round "3"]
[White "TOURNIER, Thimothee"]
[Black "ADDA, Olivier"]
[Result "1/2-1/2"]
[WhiteElo "1921"]
[BlackElo "2110"]
[PlyCount "67"]
[EventDate "2008.12.14"]
[SourceDate "2008.12.14"]

1. e4 e5 2. Nf3 Nc6 3. Bb5 a6 4. Ba4 Nf6 5. O-O b5 6. Bb3 Bb7 7. c3 Nxe4 8. d4
d6 9. Re1 f5 10. Nbd2 Nxd2 11. Bxd2 e4 12. Ng5 d5 13. Ne6 Qd6 14. Bxd5 Rc8 15.
Bb3 Na5 16. Bf4 Qd7 17. Qh5+ g6 18. Nxf8 Rxf8 19. Qh4 Nxb3 20. axb3 Rf7 21.
Rad1 Qd5 22. b4 Kd7 23. Rd2 Rg8 24. Re3 Kc8 25. Rde2 Bc6 26. Bg5 Re8 27. Qf4
Kb7 28. h4 Qd6 29. Qxd6 cxd6 30. g3 Ra8 31. Bf4 Rd7 32. Rd2 Bd5 33. Re1 a5 34.
bxa5 1/2-1/2

[Event "Echiquier Aubois / Chaumont"]
[Site "?"]
[Date "2008.12.14"]
[Round "3"]
[White "FERRAND, Christophe"]
[Black "PICARD, Serge"]
[Result "0-1"]
[WhiteElo "1890"]
[BlackElo "2097"]
[PlyCount "138"]
[EventDate "2008.12.14"]
[SourceDate "2008.12.14"]

1. e4 e5 2. Nf3 Nc6 3. d4 exd4 4. Nxd4 Bc5 5. Be3 Qf6 6. c3 Nge7 7. Bc4 Ne5 8.
Be2 Qg6 9. Bf3 O-O 10. O-O Nxf3+ 11. Qxf3 Bxd4 12. cxd4 d5 13. Nc3 dxe4 14.
Qxe4 Qxe4 15. Nxe4 Nd5 16. Nc3 Be6 17. a3 c6 18. Rac1 Rae8 19. Nxd5 Bxd5 20.
Rfe1 Re6 21. Bd2 Rfe8 22. Rxe6 Bxe6 23. Be3 a5 24. Rc5 a4 25. Ra5 Bb3 26. Ra7
b5 27. Rc7 Bd5 28. g3 h5 29. h4 Kh7 30. Kf1 Kg6 31. Ke2 Be4 32. Kd2 Bd5 33. Ke2
Kf5 34. f3 g6 35. Kf2 f6 36. Rg7 Rg8 37. Rxg8 Bxg8 38. Ke2 g5 39. Bc1 Bb3 40.
Be3 Bc4+ 41. Kf2 Ba2 42. Bd2 Bb1 43. Bc1 Bc2 44. Ke3 Bb1 45. Bd2 Ke6 46. Bc3
Kd5 47. f4 gxh4 48. gxh4 Bf5 49. Be1 Kc4 50. Bc3 Bg6 51. Kd2 Bf7 52. Ke3 Bd5
53. Kd2 Kb3 54. Kc1 Be4 55. Bb4 Kc4 56. Be7 f5 57. Bf6 Kd3 58. Be7 Kxd4 59. Kd2
Kc4 60. Bf6 c5 61. Bh8 b4 62. axb4 cxb4 63. Kc1 a3 64. bxa3 bxa3 65. Ba1 Kd3
66. Bf6 Ke3 67. Bg5 Kf3 68. Bh6 Kg3 69. Bg5 Kg4 0-1

[Event "Echiquier Aubois / Chaumont"]
[Site "?"]
[Date "2008.12.14"]
[Round "3"]
[White "CARNIOL, Thomas"]
[Black "HASCHER, Nicolas"]
[Result "1-0"]
[WhiteElo "2110"]
[BlackElo "2004"]
[PlyCount "103"]
[EventDate "2008.12.14"]
[SourceDate "2008.12.14"]

1. e4 c5 2. Nf3 d6 3. Bb5+ Nc6 4. O-O e6 5. c3 Bd7 6. d4 Nf6 7. Re1 a6 8. Ba4
b5 9. Bc2 e5 10. h3 Be7 11. Nbd2 cxd4 12. cxd4 exd4 13. a3 O-O 14. Nb3 d3 15.
Qxd3 Ne5 16. Nxe5 dxe5 17. Be3 Rc8 18. Rac1 Be6 19. Nd2 Rc6 20. Bb1 Qc7 21.
Rxc6 Qxc6 22. Qc2 Rc8 23. Rc1 Qxc2 24. Rxc2 Rxc2 25. Bxc2 b4 26. a4 h6 27. f3
Nd7 28. Bb3 Bc5 29. Kf2 Bxe3+ 30. Kxe3 Nc5 31. Bxe6 fxe6 32. a5 Kf7 33. Nc4 Kf6
34. Kd2 g5 35. Kc2 h5 36. Nd2 g4 37. h4 Ke7 38. Nc4 Kf6 39. Ne3 gxf3 40. gxf3
Kf7 41. Nc4 Kf6 42. Nd2 Ke7 43. Nf1 Kf6 44. Ng3 Kg6 45. Ne2 Kf6 46. Nc1 Nb7 47.
Nb3 Ke7 48. Kd3 Nd6 49. Nc5 Nb5 50. Nxa6 Nd4 51. Nxb4 Kd6 52. Ke3 1-0

[Event "Echiquier Aubois / Chaumont"]
[Site "?"]
[Date "2008.12.14"]
[Round "3"]
[White "FOURNIER, Manuel"]
[Black "RAPINEL, Franck"]
[Result "1/2-1/2"]
[WhiteElo "2043"]
[BlackElo "2110"]
[Annotator ",Fifi"]
[PlyCount "113"]
[EventDate "2008.12.14"]
[SourceDate "2008.12.14"]

1. e4 c5 2. Nf3 Nc6 3. d4 cxd4 4. Nxd4 Nf6 5. Nc3 e5 6. Ndb5 d6 7. Bg5 a6 8.
Na3 b5 9. Bxf6 gxf6 10. Nd5 Bg7 11. c3 f5 12. Bd3 Ne7 13. Nxe7 Qxe7 14. O-O O-O
15. Nc2 d5 16. exd5 e4 17. Be2 Qc5 18. Qd2 Rd8 19. Rad1 Bb7 20. Qf4 Rxd5 21.
Rxd5 Bxd5 22. Qxf5 Re8 23. Ne3 Re5 24. Qd7 Be6 25. Qd8+ Bf8 26. Rd1 Kg7 27. Qb8
Be7 28. b4 Qxc3 29. Qb7 {(=)} Bxb4 30. Qxa6 Bc5 31. Bxb5 Bxe3 32. fxe3 Qxe3+
33. Kh1 Bh3 34. Rf1 Be6 35. Bc4 Qd4 36. Bxe6 Rxe6 37. Qe2 e3 38. h3 Qe4 39.
Qg4+ Qg6 40. Qxg6+ hxg6 41. Re1 f5 42. g3 Kf6 43. Kg2 Rd6 44. Kf3 Rd3 45. Rxe3
Rd2 46. Ra3 g5 47. h4 gxh4 48. gxh4 Rh2 49. Kg3 Rh1 50. Ra5 Rg1+ 51. Kf2 Rh1
52. Ra4 Ke5 53. Kg2 Rb1 54. h5 Rb6 55. Kf3 Rc6 56. Ra5+ Kf6 57. Kf4 1/2-1/2

[Event "Echiquier Aubois / Chaumont"]
[Site "?"]
[Date "2008.12.14"]
[Round "3"]
[White "MOUCHEROUD, Jeremy"]
[Black "GUYOT, Philippe"]
[Result "1-0"]
[WhiteElo "2043"]
[BlackElo "2021"]
[PlyCount "97"]
[EventDate "2008.12.14"]
[SourceDate "2008.12.14"]

1. e4 e6 2. d4 d5 3. Nd2 Nf6 4. e5 Nfd7 5. f4 c5 6. c3 Nc6 7. Ndf3 Qb6 8. a3
cxd4 9. cxd4 Be7 10. g3 O-O 11. Kf2 f6 12. Kg2 fxe5 13. fxe5 Ndxe5 14. dxe5
Nxe5 15. Qd4 Nxf3 16. Nxf3 Bc5 17. Qc3 d4 18. Qe1 Bd7 19. Bd3 Rae8 20. b4 Bd6
21. Bb2 e5 22. Be4 a5 23. Nd2 Be6 24. Qb1 h6 25. bxa5 Qxa5 26. Qd3 b5 27. Rhf1
Kh8 28. Rxf8+ Rxf8 29. Rf1 Rb8 30. Rc1 Bc4 31. Qc2 Qd8 32. a4 Be6 33. axb5 Rxb5
34. Ra1 Rb8 35. Bc1 Rc8 36. Qd1 Bb4 37. Nf3 Bd6 38. Nh4 Qd7 39. Qh5 d3 40. Qg6
Bh3+ 41. Kh1 Kg8 42. Bxh6 Kf8 43. Bxg7+ Qxg7 44. Qxd6+ Kg8 45. Qxd3 Qc7 46.
Bd5+ Kh8 47. Qe3 Qg7 48. Kg1 Rf8 49. Qxe5 1-0

[Event "Echiquier Aubois / Chaumont"]
[Site "?"]
[Date "2008.12.14"]
[Round "3"]
[White "LOUOT, Catehrine"]
[Black "PINCHON, Sylvie"]
[Result "1-0"]
[WhiteElo "1530"]
[BlackElo "1640"]
[PlyCount "27"]
[EventDate "2008.12.14"]
[SourceDate "2008.12.14"]

1. d4 d5 2. Nf3 Nc6 3. Bf4 e6 4. e3 a6 5. c4 Nf6 6. a3 Bd6 7. Ne5 Bd7 8. Nc3
O-O 9. Qf3 Be8 10. Qg3 Nh5 11. Qh3 Nxf4 12. exf4 Nxd4 13. Bd3 Bxe5 14. Qxh7#
1-0

[Event "Echiquier Aubois / Chaumont"]
[Site "?"]
[Date "2008.12.14"]
[Round "3"]
[White "MASERA, Michel"]
[Black "GUILLAUME, Jean-francois"]
[Result "1-0"]
[WhiteElo "1977"]
[BlackElo "1940"]
[PlyCount "47"]
[EventDate "2008.12.14"]
[SourceDate "2008.12.14"]

1. d4 f5 2. g3 g6 3. Bg2 Bg7 4. Nf3 Nf6 5. O-O O-O 6. c4 d6 7. Nc3 Qe8 8. Re1
e5 9. e4 fxe4 10. Nxe4 Nxe4 11. Rxe4 Bf5 12. Re1 Nc6 13. Bf4 Bg4 14. dxe5 dxe5
15. Qb3 Qc8 16. Nxe5 Nxe5 17. Bxe5 c6 18. Bxg7 Kxg7 19. Re7+ Rf7 20. Rae1 Qf5
21. Qc3+ Qf6 22. Rxf7+ Kxf7 23. Qb4 b6 24. c5 1-0

[Event "Echiquier Aubois / Chaumont"]
[Site "?"]
[Date "2008.12.14"]
[Round "3"]
[White "PELADE, Thierry"]
[Black "BEAUGRAND, Julien"]
[Result "1-0"]
[WhiteElo "1670"]
[BlackElo "1744"]
[PlyCount "81"]
[EventDate "2008.12.14"]
[SourceDate "2008.12.14"]

1. Nf3 d5 2. c4 c6 3. b3 Bf5 4. d3 e6 5. g3 Nf6 6. Bg2 Be7 7. O-O O-O 8. Nbd2
Nbd7 9. Bb2 Qc7 10. Nh4 Bg4 11. Re1 e5 12. Qc2 d4 13. e3 Qd6 14. exd4 exd4 15.
f3 Be6 16. Bh1 Nh5 17. Ne4 Qc7 18. Bxd4 f5 19. Nc3 Qd6 20. Bf2 g5 21. Ng2 Ne5
22. Qe2 Bf6 23. d4 Nxf3+ 24. Qxf3 Bxd4 25. Bxd4 Qxd4+ 26. Qe3 Qxe3+ 27. Rxe3
Bf7 28. Rd1 Nf6 29. Ne1 Ng4 30. Re7 Be8 31. Nf3 h6 32. Ne5 Nxe5 33. Rxe5 Rf7
34. Rd6 Bd7 35. Rxh6 Kg7 36. Rd6 Rg8 37. b4 Kf8 38. b5 f4 39. bxc6 bxc6 40. Ne4
Rfg7 41. Nf6 1-0